| 000 | 005270000a22001930004500 | ||
|---|---|---|---|
| 041 | 0 | _aENG | |
| 082 | 0 | 4 | _aG 269.2 C6921m |
| 100 | 1 | _aColeman, Roberto E. (Robert Emerson) (1928-) | |
| 245 | 1 | 0 | _aThe master plan of evangelism / Robert E. Coleman |
| 250 | _a2 | ||
| 260 | _aWestwood, New Jersey, USA : Fleming H. Revell | ||
| 300 | _a126 Pag | ||
| 650 | 1 | 4 | _aEVANGELIZACION |
| 001 | 5268 | ||
| 942 | _cBK | ||
| 999 |
_c35679 _d35679 |
||
| 336 |
_atexto _btxt _2rdacontent |
||
| 337 |
_2rdamedia _asin mediación _bn |
||
| 338 |
_2rdacarrier _avolumen _bnc |
||